| 000 | 00642nam a2200229 a 4500 | ||
|---|---|---|---|
| 001 | 000031479 | ||
| 003 | DO-SdBNP | ||
| 005 | 20220328104556.0 | ||
| 007 | ta | ||
| 008 | 110627s1995 dr 000 spa d | ||
| 040 |
_aDO-SdBNP _bspa _cBNPHU |
||
| 082 | 4 | _222 | |
| 100 | 1 |
_aAndrés, Mateo, _qs.j. _9915 |
|
| 245 | 1 | 3 |
_aEl hombre en busca de Dios / _cMateo Andrés |
| 250 | _a2a ed. | ||
| 260 |
_cSanto Domingo : _aEdiciones MSC, _b1995. |
||
| 300 |
_a268 p. ; _c22 cm. |
||
| 500 | _aIncluye datos biográficos del autor en la solapa de la contracubierta | ||
| 590 | _aInventariado, 2021/BT | ||
| 910 | _aBtavárez | ||
| 942 |
_2ddc _cLBS1 |
||
| 999 |
_c30971 _d30971 |
||